[Event "CYCC U16U18 w"]
[Site "Quebec CAN"]
[Date "2018.07.03"]
[Round "3.8"]
[White "Demchenko, Svitlana"]
[Black "Cui, Cynthia"]
[Result "1-0"]
[WhiteElo "2272"]
[BlackElo "1995"]
[PlyCount "95"]
[EventDate "2018.07.02"]
[EventType "swiss"]
[EventRounds "7"]
[EventCountry "CAN"]

1. e4 e6 2. d4 d5 3. Nd2 h6 4. c3 c5 5. Ngf3 Nc6 6. Bd3 cxd4 7. cxd4 dxe4 8.
Nxe4 Nf6 9. O-O Be7 10. Bf4 O-O 11. Nc3 a6 12. Rc1 b6 13. Qd2 h5 14. Rfd1 Re8
15. Bb1 Bb7 16. a3 Nd5 17. Qd3 g6 18. Bd2 Bf6 19. Ne4 Bg7 20. Ng3 h4 21. Bg5
Bf6 22. Ne4 Bxg5 23. Nexg5 Qf6 24. Ne4 Qf4 25. g3 hxg3 26. hxg3 Qc7 27. Kg2 Kg7
28. Neg5 Qe7 29. Re1 Qd7 30. Re2 Nde7 31. Qc3 Nd5 32. Qd2 Rh8 33. Rce1 Rac8 34.
Qd3 Rh6 35. Rh1 Rxh1 36. Kxh1 Rh8+ 37. Kg1 Nde7 38. Re4 Qd5 39. Rf4 f6 40. Ne4
Nf5 41. Nc3 Qd8 42. d5 exd5 43. Nh4 Nxh4 44. gxh4 Ne5 45. Qd4 Rh5 46. Kf1 Qd6
47. Ne4 Nd7 48. Nxd6 1-0

[Event "CYCC U16U18 w"]
[Site "Quebec CAN"]
[Date "2018.07.03"]
[Round "3.9"]
[White "Yu, Cindy"]
[Black "Ouellet, Maili-Jade"]
[Result "0-1"]
[WhiteElo "1434"]
[BlackElo "2323"]
[PlyCount "98"]
[EventDate "2018.07.02"]
[EventType "swiss"]
[EventRounds "7"]
[EventCountry "CAN"]

1. e4 c5 2. Nf3 e6 3. d4 cxd4 4. Nxd4 a6 5. c4 Nf6 6. Nc3 Qc7 7. Be3 d6 8. Be2
Be7 9. O-O b6 10. f4 Bb7 11. Bd3 Nbd7 12. Nde2 Ng4 13. Bf2 Nxf2 14. Rxf2 Rc8
15. Kh1 Nc5 16. Bc2 h5 17. f5 exf5 18. exf5 Nd7 19. b3 Qc5 20. Qd4 Qxd4 21.
Nxd4 b5 22. Nd5 Bxd5 23. cxd5 Nf6 24. Nc6 Nxd5 25. Nxe7 Kxe7 26. Be4 Nf6 27.
Bb7 Rb8 28. Re2+ Kd7 29. Bf3 Rhe8 30. Rc2 Rbc8 31. Rcc1 Rxc1+ 32. Rxc1 d5 33.
h3 h4 34. a4 Kd6 35. axb5 axb5 36. Rd1 Ne4 37. Kg1 Re5 38. Rd4 Kc5 39. Rd3 Rxf5
40. Bg4 Re5 41. Rf3 Ng3 42. Rc3+ Kd4 43. Rc1 f5 44. Rd1+ Kc3 45. Bf3 Ne4 46.
Be2 Kc2 47. Ra1 Nc3 48. Bf3 d4 49. b4 d3 0-1

[Event "CYCC U16U18 w"]
[Site "Quebec CAN"]
[Date "2018.07.03"]
[Round "3.10"]
[White "Li, Yi Lin"]
[Black "MacIvor, Kieme"]
[Result "1-0"]
[WhiteElo "1957"]
[BlackElo "948"]
[PlyCount "63"]
[EventDate "2018.07.02"]
[EventType "swiss"]
[EventRounds "7"]
[EventCountry "CAN"]

1. e4 e5 2. Nf3 Nc6 3. Bb5 Bd6 4. c3 Nf6 5. d3 a6 6. Ba4 b5 7. Bc2 b4 8. O-O
bxc3 9. bxc3 Bc5 10. d4 exd4 11. cxd4 Bb6 12. Bg5 h6 13. Be3 d5 14. Nc3 O-O 15.
e5 Ng4 16. Bc1 Nb4 17. h3 c5 18. Na4 Nxc2 19. Qxc2 cxd4 20. hxg4 Bc7 21. g5 Bg4
22. Nxd4 hxg5 23. Nc6 Qe8 24. Ba3 Rc8 25. Ne7+ Kh8 26. Nxc8 Bxe5 27. Bxf8 Bxa1
28. Rxa1 Qxf8 29. Qc5 Qe8 30. Nab6 Bxc8 31. Qxc8 Qxc8 32. Nxc8 1-0

[Event "CYCC U16U18 w"]
[Site "Quebec CAN"]
[Date "2018.07.03"]
[Round "3.11"]
[White "Hitchlock, Veronica"]
[Black "Botez, Andrea"]
[Result "0-1"]
[WhiteElo "1367"]
[BlackElo "1954"]
[PlyCount "72"]
[EventDate "2018.07.02"]
[EventType "swiss"]
[EventRounds "7"]
[EventCountry "CAN"]

1. e4 g6 2. d4 Bg7 3. Nf3 d6 4. Bd3 Nc6 5. Be3 Bg4 6. O-O Bxd4 7. Re1 Bxb2 8.
Nbd2 Bxa1 9. Qxa1 e5 10. h3 Bd7 11. Bc4 h6 12. h4 Nf6 13. Nf1 Ng4 14. Qd1 Qf6
15. N1h2 Nxh2 16. Kxh2 Bg4 17. Be2 g5 18. g3 Bxf3 19. Bxf3 gxh4 20. Kg2 O-O-O
21. Bg4+ Kb8 22. f4 hxg3 23. Rh1 exf4 24. Qf3 Ne5 25. Bxa7+ Kxa7 26. Qa3+ Kb8
27. Qc3 Nxg4 28. Qb4 Ne3+ 29. Kf3 Nxc2 30. Qa4 Nd4+ 31. Kg2 f3+ 32. Kxg3 Qg5+
33. Kf2 Qd2+ 34. Kg3 Rdg8+ 35. Kh3 Qg2+ 36. Kh4 Qg4# 0-1

[Event "CYCC U16U18 w"]
[Site "Quebec CAN"]
[Date "2018.07.03"]
[Round "3.12"]
[White "Cao, Lucy"]
[Black "Eirew, Pepi"]
[Result "1-0"]
[WhiteElo "1835"]
[BlackElo "1086"]
[PlyCount "117"]
[EventDate "2018.07.02"]
[EventType "swiss"]
[EventRounds "7"]
[EventCountry "CAN"]

1. e4 e6 2. d4 d5 3. Nd2 c5 4. exd5 exd5 5. Ngf3 Nc6 6. Bb5 Qe7+ 7. Be2 Nxd4 8.
Nxd4 cxd4 9. O-O Bd7 10. Nf3 O-O-O 11. Bf4 Qf6 12. Bg5 Qg6 13. Bxd8 Kxd8 14.
Ne5 Qe6 15. Nxd7 Qxd7 16. Qxd4 b6 17. Bg4 f5 18. Bf3 Nf6 19. Rad1 Bc5 20. Qd3
d4 21. a3 b5 22. c3 g5 23. cxd4 Bd6 24. Be2 a6 25. Qc3 Re8 26. Bf3 Bc7 27. Bc6
Qd6 28. g3 Re6 29. d5 Re5 30. Rfe1 Ne4 31. Qd4 g4 32. Qb4 Qh6 33. d6 Bb6 34.
Bxe4 fxe4 35. Rxe4 Bxf2+ 36. Kh1 Bxg3 37. Qa5+ Kd7 38. Qc7+ Ke6 39. Qe7+ Kf5
40. Rxe5+ Bxe5 41. Rf1+ Bf4 42. Qf7+ Ke5 43. Qxf4+ Qxf4 44. Rxf4 Kxf4 45. d7 h5
46. d8=Q g3 47. Qd6+ Ke4 48. Qxg3 Kd4 49. Qc3+ Kd5 50. Kg2 Ke4 51. Qc5 h4 52.
Kh3 Kd3 53. Kxh4 Kd2 54. Qc3+ Ke2 55. Kg4 b4 56. axb4 Kd1 57. Kf3 a5 58. Ke3
axb4 59. Qd2# 1-0

[Event "CYCC U16U18 w"]
[Site "Quebec CAN"]
[Date "2018.07.03"]
[Round "4.8"]
[White "Ouellet, Maili-Jade"]
[Black "Demchenko, Svitlana"]
[Result "1-0"]
[WhiteElo "2323"]
[BlackElo "2272"]
[PlyCount "115"]
[EventDate "2018.07.02"]
[EventType "swiss"]
[EventRounds "7"]
[EventCountry "CAN"]

1. d4 Nf6 2. c4 g6 3. Nc3 Bg7 4. e4 d6 5. f4 O-O 6. Nf3 c5 7. d5 e6 8. Be2 exd5
9. cxd5 Re8 10. Nd2 Na6 11. O-O Rb8 12. a4 Nb4 13. Bf3 b6 14. Nc4 Ba6 15. Qb3
Bxc4 16. Qxc4 Nc2 17. Rb1 Nd4 18. Bd2 Nxf3+ 19. Rxf3 Ng4 20. g3 Qf6 21. Rd3 Qe7
22. Re1 Bd4+ 23. Rxd4 cxd4 24. Qxd4 Qf6 25. Qd3 Qd8 26. Nb5 a6 27. Nd4 Qd7 28.
Nc6 Rbc8 29. h3 Nf6 30. Bc3 Nh5 31. Qd4 f6 32. g4 Ng7 33. Qxf6 Rc7 34. Bb4 Rxc6
35. dxc6 Qxc6 36. Bc3 Qc7 37. Kg2 Rf8 38. Qxg7+ Qxg7 39. Bxg7 Kxg7 40. Kf3 Rc8
41. Re3 Kf6 42. Rb3 Rc6 43. h4 Ke6 44. Rc3 Rc5 45. Ke3 Ra5 46. Rc6 Rxa4 47. e5
Rb4 48. Rxd6+ Ke7 49. Rd2 Ke6 50. Rd6+ Ke7 51. f5 Rxb2 52. f6+ Ke8 53. e6 Rb5
54. e7 Rb3+ 55. Ke4 Rb4+ 56. Ke5 Kf7 57. Re6 Ke8 58. f7+ 1-0

[Event "CYCC U16U18 w"]
[Site "Quebec CAN"]
[Date "2018.07.03"]
[Round "4.9"]
[White "Botez, Andrea"]
[Black "Li, Yi Lin"]
[Result "0-1"]
[WhiteElo "1954"]
[BlackElo "1957"]
[PlyCount "170"]
[EventDate "2018.07.02"]
[EventType "swiss"]
[EventRounds "7"]
[EventCountry "CAN"]

1. d4 d5 2. Bf4 Nf6 3. e3 Bf5 4. Nd2 e6 5. c3 Bg6 6. Ngf3 Nh5 7. Ne5 Nxf4 8.
exf4 Bd6 9. Ndf3 Nd7 10. Bd3 Bxd3 11. Nxd3 O-O 12. O-O c5 13. Re1 Re8 14. g3 f6
15. Re2 c4 16. Nde1 b5 17. a4 b4 18. Nc2 b3 19. Ne3 g6 20. Qf1 a5 21. Rae1 Nb6
22. Ng4 h5 23. Ne3 Qd7 24. Qh3 f5 25. Ng2 Nxa4 26. Ng5 Nxb2 27. Nh4 Nd3 28.
Nxg6 Nxe1 29. Qxh5 Qg7 30. Rxe1 b2 31. Rb1 Rab8 32. Ne5 Bxe5 33. dxe5 Re7 34.
Qd1 Qg6 35. Qa4 Qe8 36. Qxa5 Qb5 37. Qa3 Ree8 38. Kg2 Qb3 39. Qa7 Rb7 40. Qa6
Qb6 41. Qa4 Ree7 42. Qa8+ Rb8 43. Qa4 Qb3 44. Qa6 Rbe8 45. Qa5 Qc2 46. Qa2 Rb8
47. Qa3 Reb7 48. Qa2 Qxc3 49. Nxe6 d4 50. Nc5 Rh7 51. Qa6 Rf8 52. Qg6+ Kh8 53.
Ne6 Qc2 54. Re1 b1=Q 55. Nxf8 Qe4+ 56. Rxe4 Qxe4+ 57. Kf1 Qb1+ 58. Kg2 Rg7 59.
Qe8 Qb7+ 60. Kg1 Qf7 61. Ng6+ Kh7 62. Nf8+ Kg8 63. Qc8 Qxf8 64. Qxc4+ Kh7 65.
Qxd4 Qe7 66. Qd1 Kg6 67. h3 Qc5 68. Kg2 Qc6+ 69. Kh2 Rd7 70. Qb3 Kg7 71. Qb2
Rd1 72. e6+ Kg6 73. f3 Qxf3 74. Qg2 Qxg2+ 75. Kxg2 Re1 76. Kf3 Rxe6 77. Kf2 Ra6
78. Kf3 Ra3+ 79. Kf2 Rb3 80. Kg2 Rb2+ 81. Kg1 Kf6 82. Kh1 Ke6 83. Kg1 Kd5 84.
g4 fxg4 85. hxg4 Ke4 0-1

[Event "CYCC U16U18 w"]
[Site "Quebec CAN"]
[Date "2018.07.03"]
[Round "4.10"]
[White "Cui, Cynthia"]
[Black "Cao, Lucy"]
[Result "0-1"]
[WhiteElo "1995"]
[BlackElo "1835"]
[PlyCount "118"]
[EventDate "2018.07.02"]
[EventType "swiss"]
[EventRounds "7"]
[EventCountry "CAN"]

1. c4 e5 2. g3 Bc5 3. Nc3 a6 4. Bg2 Nc6 5. Nf3 d6 6. O-O Bg4 7. a3 Nf6 8. b4
Ba7 9. d3 Qd7 10. Bb2 h5 11. e3 h4 12. Qd2 Bh3 13. d4 Bxg2 14. Kxg2 hxg3 15.
fxg3 exd4 16. exd4 O-O-O 17. Ne2 Rdg8 18. c5 Qh3+ 19. Kh1 d5 20. Kg1 Ne4 21.
Qe1 g5 22. Nc3 Nxd4 23. Nxe4 Nxf3+ 24. Rxf3 Qxh2+ 25. Kf1 Qh1+ 26. Ke2 Qxe1+
27. Rxe1 dxe4 28. Rxf7 Rh2+ 29. Rf2 Rxf2+ 30. Kxf2 Re8 31. g4 b6 32. Bd4 bxc5
33. bxc5 c6 34. Ke3 Rf8 35. Kd2 Rf4 36. Rg1 Rf3 37. Bb2 Bxc5 38. Re1 Rf4 39.
Rc1 e3+ 40. Kd3 Bb6 41. Rxc6+ Kb7 42. Re6 Rxg4 43. Bc1 Ra4 44. Rg6 g4 45. Ke2
Re4 46. Rg7+ Kc6 47. Rg6+ Kb5 48. Rg5+ Bc5 49. Bb2 Kc4 50. Bc1 a5 51. Rf5 a4
52. Rg5 Bd4 53. Rg8 Kb3 54. Rb8+ Kc2 55. Rc8+ Kb3 56. Rb8+ Ka2 57. Rc8 g3 58.
Rg8 Be5 59. Bxe3 Bf4 0-1

[Event "CYCC U16U18 w"]
[Site "Quebec CAN"]
[Date "2018.07.03"]
[Round "4.11"]
[White "Hitchlock, Veronica"]
[Black "Zhou, Lily"]
[Result "0-1"]
[WhiteElo "1367"]
[BlackElo "1741"]
[PlyCount "86"]
[EventDate "2018.07.02"]
[EventType "swiss"]
[EventRounds "7"]
[EventCountry "CAN"]

1. e4 c5 2. Nf3 Nc6 3. g3 g6 4. Bg2 Bg7 5. d3 d6 6. Nbd2 e6 7. O-O d5 8. c4
Nge7 9. Ng5 O-O 10. Qg4 h6 11. Ndf3 hxg5 12. Nxg5 Nd4 13. Qh3 Re8 14. Bf3 Nxf3+
15. Nxf3 e5 16. g4 Qd7 17. Kh1 Qxg4 18. Qg3 dxe4 19. Nd2 Qxg3 20. fxg3 exd3 21.
Ne4 b6 22. Bh6 Bb7 23. Rae1 Bxh6 24. h4 f5 25. Kh2 Bxe4 26. b4 d2 27. Rd1 Bc2
28. bxc5 bxc5 29. a4 Bxd1 30. Rxd1 Nc6 31. Rxd2 Bxd2 32. a5 Nxa5 33. Kh3 Nxc4
34. g4 fxg4+ 35. Kxg4 Kg7 36. Kf3 Kf6 37. Ke4 Rad8 38. Kf3 e4+ 39. Kg4 e3 40.
Kf3 e2 41. Kg2 e1=Q 42. Kh3 Re3+ 43. Kg4 Rd4# 0-1

[Event "CYCC U16U18 w"]
[Site "Quebec CAN"]
[Date "2018.07.03"]
[Round "4.12"]
[White "MacIvor, Kieme"]
[Black "Yu, Cindy"]
[Result "0-1"]
[WhiteElo "948"]
[BlackElo "1434"]
[PlyCount "72"]
[EventDate "2018.07.02"]
[EventType "swiss"]
[EventRounds "7"]
[EventCountry "CAN"]

1. e4 e5 2. Nf3 Nc6 3. d4 exd4 4. Nxd4 Bc5 5. Be3 Bb6 6. Nc3 Nf6 7. f3 O-O 8.
a3 Re8 9. Qd2 d5 10. O-O-O dxe4 11. Nxe4 Nxe4 12. fxe4 Rxe4 13. Bd3 Rxd4 14.
Bxd4 Nxd4 15. Qf4 Bf5 16. Bxf5 Ne2+ 17. Kb1 Nxf4 18. Rxd8+ Rxd8 19. g3 Ne6 20.
Re1 Nd4 21. Bd7 Kf8 22. Ba4 Nf3 23. Re2 c6 24. b4 Rd2 25. Rxd2 Nxd2+ 26. Kc1
Nc4 27. Bb3 Nxa3 28. c4 Bd4 29. h4 b5 30. c5 Bc3 31. g4 Bxb4 32. Kb2 Bxc5 33.
h5 g6 34. hxg6 fxg6 35. g5 Nc4+ 36. Bxc4 bxc4 0-1

[Event "CYCC U16U18 w"]
[Site "Quebec CAN"]
[Date "2018.07.04"]
[Round "5.8"]
[White "Zhou, Lily"]
[Black "Ouellet, Maili-Jade"]
[Result "0-1"]
[WhiteElo "1741"]
[BlackElo "2323"]
[PlyCount "90"]
[EventDate "2018.07.02"]
[EventType "swiss"]
[EventRounds "7"]
[EventCountry "CAN"]

1. d4 d5 2. c4 e6 3. Nc3 Nf6 4. Bg5 Be7 5. e3 O-O 6. Nf3 Nbd7 7. Bd3 a6 8. cxd5
exd5 9. O-O c6 10. Qc2 Re8 11. Ne5 Nf8 12. Rae1 g6 13. f4 Ne6 14. Bh6 Ng7 15.
Bxg7 Kxg7 16. f5 g5 17. Qe2 Bd6 18. Ng4 Be7 19. Qf3 Qd6 20. Ne2 Nxg4 21. Qxg4
h5 22. Qf3 Qh6 23. Ng3 g4 24. f6+ Kg8 25. Qf2 Bd6 26. Nf5 Bxf5 27. Qxf5 Rad8
28. e4 dxe4 29. Rxe4 Rxe4 30. Qxe4 Kf8 31. Kh1 Kg8 32. Qf5 Bf8 33. Qe4 Rd6 34.
Kg1 Re6 35. Qf5 b5 36. d5 cxd5 37. Kh1 Bd6 38. Qxd5 Rxf6 39. Rxf6 Qxf6 40. Qxh5
Qf4 41. Qh7+ Kf8 42. Qh8+ Ke7 43. Qh4+ Kd7 44. g3 Qf3+ 45. Kg1 Bc5# 0-1

[Event "CYCC U16U18 w"]
[Site "Quebec CAN"]
[Date "2018.07.04"]
[Round "5.9"]
[White "Demchenko, Svitlana"]
[Black "Li, Yi Lin"]
[Result "1/2-1/2"]
[WhiteElo "2272"]
[BlackElo "1997"]
[PlyCount "62"]
[EventDate "2018.07.02"]
[EventType "swiss"]
[EventRounds "7"]
[EventCountry "CAN"]

1. e4 c5 2. Nf3 d6 3. d4 cxd4 4. Nxd4 Nf6 5. Nc3 a6 6. Be3 e6 7. f3 Qc7 8. Qd2
Be7 9. g4 Nc6 10. O-O-O Rb8 11. g5 Nd7 12. f4 b5 13. f5 Nde5 14. Bh3 Nc4 15.
Qf2 Nxe3 16. Qxe3 Nxd4 17. Rxd4 Qc5 18. Rg1 b4 19. Ne2 e5 20. Rd3 Qxe3+ 21.
Rxe3 h6 22. gxh6 gxh6 23. Kb1 Bb7 24. Bg2 Bh4 25. Rh3 Bg5 26. Bh1 Ke7 27. Rhg3
Rhc8 28. Rg4 Rc7 29. h4 Bf6 30. Ng3 Rcc8 31. Rc1 a5 1/2-1/2

[Event "CYCC U16U18 w"]
[Site "Quebec CAN"]
[Date "2018.07.04"]
[Round "5.10"]
[White "Cao, Lucy"]
[Black "Yu, Cindy"]
[Result "1-0"]
[WhiteElo "1835"]
[BlackElo "1434"]
[PlyCount "79"]
[EventDate "2018.07.02"]
[EventType "swiss"]
[EventRounds "7"]
[EventCountry "CAN"]

1. d4 Nf6 2. c4 g6 3. Nc3 Bg7 4. Bf4 O-O 5. Qd2 Re8 6. Nf3 d6 7. h3 Nbd7 8. e3
c5 9. Be2 b6 10. d5 Nf8 11. O-O a6 12. Rfc1 Bd7 13. a4 Qc7 14. Re1 Rad8 15. Qc1
e6 16. e4 exd5 17. exd5 Ne4 18. Nxe4 Rxe4 19. Be3 Rb8 20. Qc2 Re7 21. Bd2 b5
22. axb5 axb5 23. Ra6 bxc4 24. Ba5 Qb7 25. Bxc4 Rxe1+ 26. Nxe1 Qxb2 27. Qxb2
Rxb2 28. Rxd6 Bd4 29. Nd3 Rc2 30. Bb3 Re2 31. Kf1 Re8 32. Bc4 Bf5 33. Rd8 Rxd8
34. Bxd8 Nd7 35. g4 Bxd3+ 36. Bxd3 Ne5 37. Bb5 c4 38. f4 c3 39. fxe5 c2 40. Bg5
1-0

[Event "CYCC U16U18 w"]
[Site "Quebec CAN"]
[Date "2018.07.04"]
[Round "5.11"]
[White "Cui, Cynthia"]
[Black "Hitchlock, Veronica"]
[Result "1-0"]
[WhiteElo "1995"]
[BlackElo "1367"]
[PlyCount "41"]
[EventDate "2018.07.02"]
[EventType "swiss"]
[EventRounds "7"]
[EventCountry "CAN"]

1. c4 b5 2. cxb5 a6 3. bxa6 Nxa6 4. d4 g6 5. Nf3 Bg7 6. Nc3 d6 7. g3 Nf6 8. Bg2
Bb7 9. O-O O-O 10. b3 e5 11. dxe5 dxe5 12. Bb2 e4 13. Ne1 Rb8 14. Qc1 Re8 15.
Nc2 Qe7 16. Ne3 h5 17. h4 Rbd8 18. Nc4 Ng4 19. Nd1 Bh6 20. Qc3 Bd5 21. Qh8# 1-0

[Event "CYCC U16U18 w"]
[Site "Quebec CAN"]
[Date "2018.07.04"]
[Round "5.12"]
[White "Eirew, Pepi"]
[Black "MacIvor, Kieme"]
[Result "1-0"]
[WhiteElo "1086"]
[BlackElo "948"]
[PlyCount "75"]
[EventDate "2018.07.02"]
[EventType "swiss"]
[EventRounds "7"]
[EventCountry "CAN"]

1. d4 d5 2. Nf3 Nc6 3. Bf4 f6 4. e3 a6 5. Bd3 g6 6. c3 Nh6 7. Qc2 Bf5 8. Bxf5
Nxf5 9. g4 Nd6 10. Nbd2 Bg7 11. Qb3 g5 12. Bxd6 Qxd6 13. Qxb7 O-O 14. Qb3 Kh8
15. h4 h6 16. hxg5 fxg5 17. Nxg5 Rad8 18. Qc2 Rf5 19. Qxf5 Kg8 20. Qf7+ Kh8 21.
Ne6 Rg8 22. Nxg7 Rxg7 23. Qf8+ Kh7 24. Qf5+ Qg6 25. Qxg6+ Rxg6 26. f3 e5 27. a3
e4 28. fxe4 Rxg4 29. exd5 Ne7 30. e4 Kg6 31. O-O-O Kg5 32. Rhg1 h5 33. Rxg4+
hxg4 34. Rg1 Kh4 35. Nf1 Ng6 36. Ne3 g3 37. Nf5+ Kg5 38. Rxg3+ 1-0

[Event "CYCC U16U18 w"]
[Site "Quebec CAN"]
[Date "2018.07.04"]
[Round "6.8"]
[White "Ouellet, Maili-Jade"]
[Black "Cui, Cynthia"]
[Result "1-0"]
[WhiteElo "2323"]
[BlackElo "1995"]
[PlyCount "73"]
[EventDate "2018.07.02"]
[EventType "swiss"]
[EventRounds "7"]
[EventCountry "CAN"]

1. d4 e6 2. c4 Nf6 3. Nc3 Bb4 4. e3 O-O 5. Bd3 c5 6. Nge2 d5 7. cxd5 cxd4 8.
exd4 Nxd5 9. O-O Nc6 10. Bc2 Be7 11. Qd3 g6 12. a3 Bf6 13. Bh6 Bg7 14. Bxg7
Kxg7 15. Rac1 a6 16. Rfd1 Nce7 17. Ng3 Nf6 18. h4 h5 19. Nce4 Ned5 20. Ng5 Qe7
21. Re1 Rh8 22. Nf1 Rh6 23. Nd2 Nh7 24. Ngf3 Bd7 25. Ne5 Bb5 26. Qg3 Qd8 27.
Ne4 Ne7 28. Nxf7 Kxf7 29. Nd6+ Kg8 30. Rxe6 Bd7 31. Nxb7 Qf8 32. Rd6 Bf5 33.
Bb3+ Kh8 34. Rc7 Qg7 35. Nd8 Nf6 36. Nf7+ Kh7 37. Rxe7 1-0

[Event "CYCC U16U18 w"]
[Site "Quebec CAN"]
[Date "2018.07.04"]
[Round "6.9"]
[White "Li, Yi Lin"]
[Black "Cao, Lucy"]
[Result "1-0"]
[WhiteElo "1957"]
[BlackElo "1835"]
[PlyCount "149"]
[EventDate "2018.07.02"]
[EventType "swiss"]
[EventRounds "7"]
[EventCountry "CAN"]

1. e4 Nf6 2. e5 Nd5 3. d4 d6 4. c4 Nb6 5. Nf3 Nc6 6. exd6 exd6 7. h3 Bf5 8. Be3
Be7 9. Bd3 Bxd3 10. Qxd3 d5 11. c5 Nc4 12. Nbd2 Nxe3 13. fxe3 Bh4+ 14. Ke2 Bf6
15. Qb5 Rb8 16. Rhe1 O-O 17. Kf1 Re8 18. b4 Bh4 19. Nxh4 Qxh4 20. Rab1 Ne7 21.
Qd3 Kh8 22. Nf3 Qg3 23. Rb2 Ng8 24. Ne5 Nh6 25. Rf2 f6 26. Nf3 Re7 27. Nd2 Rbe8
28. Rf3 Qh4 29. Qb5 c6 30. Qd3 Nf7 31. Rf4 Qh5 32. e4 dxe4 33. Rfxe4 Qg6 34.
Qb1 Qf5+ 35. Kg1 Rxe4 36. Rxe4 Re6 37. Rxe6 Qxe6 38. Qe4 Ng5 39. Qxe6 Nxe6 40.
Nb3 Kg8 41. Kf2 g5 42. g3 f5 43. a3 Kf7 44. Na5 Nxd4 45. Nxb7 Ke6 46. Nd6 a6
47. Ne8 Kd7 48. Nf6+ Ke7 49. Nxh7 Ne6 50. h4 gxh4 51. gxh4 Nd4 52. Ng5 Nc2 53.
Nf3 Kf6 54. Kg3 Ke6 55. Kf4 Nxa3 56. Nd4+ Kf6 57. Nxc6 Nc2 58. Kg3 Kg7 59. Kf3
Kf6 60. Kf4 Kg6 61. h5+ Kxh5 62. Kxf5 Kh6 63. Ke4 Kg7 64. Kd3 Na3 65. Nb8 Kf7
66. c6 Nb5 67. Nxa6 Ke7 68. Kc4 Nd6+ 69. Kc5 Ne4+ 70. Kb6 Nd6 71. Kc7 Ne8+ 72.
Kb8 Nd6 73. c7 Kd7 74. b5 Nc8 75. Nc5+ 1-0

[Event "CYCC U16U18 w"]
[Site "Quebec CAN"]
[Date "2018.07.04"]
[Round "6.10"]
[White "Botez, Andrea"]
[Black "Demchenko, Svitlana"]
[Result "0-1"]
[WhiteElo "1954"]
[BlackElo "2272"]
[PlyCount "80"]
[EventDate "2018.07.02"]
[EventType "swiss"]
[EventRounds "7"]
[EventCountry "CAN"]

1. d4 Nf6 2. Bf4 g6 3. e3 Bg7 4. Nf3 b6 5. c4 Bb7 6. Nc3 O-O 7. h3 d6 8. Be2
Nbd7 9. O-O e6 10. Qc2 Nh5 11. Bg5 Qe8 12. Nb5 Qc8 13. Be7 Re8 14. Bxd6 cxd6
15. Nxd6 Qc6 16. Nxe8 Rxe8 17. b4 e5 18. b5 Qc7 19. Rad1 exd4 20. Nxd4 Nhf6 21.
Bf3 Ne4 22. Rc1 Ndc5 23. Rfd1 Be5 24. Bxe4 Bxe4 25. Qe2 Ba8 26. Qg4 h5 27. Qh4
Ne4 28. Nf3 Bf6 29. Qf4 Qc8 30. h4 Kg7 31. Rd3 Re7 32. Kf1 Rc7 33. Nd2 Nc5 34.
Rd6 Ne6 35. Qh2 Rc5 36. a4 Be5 37. f4 Bxd6 38. Qh3 Nxf4 39. exf4 Qxh3 40. gxh3
Bxf4 0-1

[Event "CYCC U16U18 w"]
[Site "Quebec CAN"]
[Date "2018.07.04"]
[Round "6.11"]
[White "Eirew, Pepi"]
[Black "Zhou, Lily"]
[Result "1-0"]
[WhiteElo "1086"]
[BlackElo "1741"]
[PlyCount "85"]
[EventDate "2018.07.02"]
[EventType "swiss"]
[EventRounds "7"]
[EventCountry "CAN"]

1. d4 d5 2. Nf3 Nf6 3. Bf4 e6 4. e3 Bd6 5. Bg5 O-O 6. Bd3 Nbd7 7. Nbd2 Be7 8.
c3 c5 9. Bxf6 Nxf6 10. h3 b6 11. g4 Bb7 12. g5 Nd7 13. h4 g6 14. Qc2 Kg7 15.
O-O-O a5 16. Rdg1 Ba6 17. h5 Bxd3 18. Qxd3 cxd4 19. Qxd4+ Kg8 20. hxg6 fxg6 21.
Rxh7 Kxh7 22. Rh1+ Kg8 23. Qh8+ Kf7 24. Qh7+ Ke8 25. Qxg6+ Rf7 26. Rh7 Nf8 27.
Qxf7+ Kd7 28. Rh6 Kd6 29. Qf4+ Kc6 30. g6 Nxg6 31. Rxg6 Bd6 32. Rxe6 Kc7 33.
Qf7+ Kc6 34. Nd4+ Kc5 35. b4+ axb4 36. cxb4+ Kxb4 37. Nc6+ Kc3 38. Nxd8 Rxa2
39. Qf6+ Kd3 40. Qd4+ Ke2 41. Qg4+ Kd3 42. Rxd6 Kc3 43. Qd4# 1-0

[Event "CYCC U16U18 w"]
[Site "Quebec CAN"]
[Date "2018.07.04"]
[Round "6.12"]
[White "MacIvor, Kieme"]
[Black "Hitchlock, Veronica"]
[Result "1/2-1/2"]
[WhiteElo "948"]
[BlackElo "1367"]
[PlyCount "90"]
[EventDate "2018.07.02"]
[EventType "swiss"]
[EventRounds "7"]
[EventCountry "CAN"]

1. e4 e5 2. d4 Nc6 3. Nf3 f6 4. dxe5 Nxe5 5. Be2 b6 6. Nc3 Bb7 7. Bf4 Qe7 8.
Nd5 Bxd5 9. Qxd5 c6 10. Qd4 Nxf3+ 11. Bxf3 g5 12. Bg3 Bg7 13. O-O f5 14. Qd3 g4
15. Rfe1 O-O-O 16. exf5 Qf6 17. Be5 Qg5 18. h4 Qe7 19. Bc7 Qxh4 20. Bxd8 Kxd8
21. Rad1 Nf6 22. Re6 gxf3 23. Rxf6 d5 24. Rxc6 fxg2 25. Qxd5+ Ke8 26. Qxg2 Bxb2
27. Rc7 Be5 28. Re1 Qf4 29. Qc6+ Kf8 30. Rc8+ Kg7 31. Qd7+ Kh6 32. Rxh8 Qh2+
33. Kf1 Qh1+ 34. Ke2 Qe4+ 35. Kd1 Qg4+ 36. Kd2 Qb4+ 37. Ke2 Qe4+ 38. Kf1 Qh1+
39. Ke2 Qe4+ 40. Kd1 Qg4+ 41. Re2 Qg1+ 42. Kd2 Bf4+ 43. Kc3 Qa1+ 44. Kc4 Qxa2+
45. Kc3 Qa1+ 1/2-1/2

[Event "CYCC U16U18 w"]
[Site "Quebec CAN"]
[Date "2018.07.05"]
[Round "7.8"]
[White "Hitchlock, Veronica"]
[Black "Ouellet, Maili-Jade"]
[Result "1/2-1/2"]
[WhiteElo "1367"]
[BlackElo "2323"]
[PlyCount "50"]
[EventDate "2018.07.02"]
[EventType "swiss"]
[EventRounds "7"]
[EventCountry "CAN"]

1. e4 c5 2. Nf3 e6 3. g3 d5 4. exd5 exd5 5. Bg2 Nf6 6. O-O Be7 7. d4 O-O 8. c3
Nc6 9. Be3 cxd4 10. Nxd4 Bg4 11. Bf3 Bxf3 12. Qxf3 Ne4 13. h4 Qd7 14. Nf5 Bf6
15. Rd1 Rad8 16. Nd2 Ne5 17. Qf4 Nxd2 18. Rxd2 Nc4 19. Bd4 Bxd4 20. Rxd4 Rfe8
21. Nxg7 Kxg7 22. Qg5+ Kf8 23. Qh6+ Kg8 24. Qg5+ Kf8 25. Qh6+ Kg8 1/2-1/2

[Event "CYCC U16U18 w"]
[Site "Quebec CAN"]
[Date "2018.07.05"]
[Round "7.9"]
[White "Demchenko, Svitlana"]
[Black "Cao, Lucy"]
[Result "1-0"]
[WhiteElo "2272"]
[BlackElo "1835"]
[PlyCount "97"]
[EventDate "2018.07.02"]
[EventType "swiss"]
[EventRounds "7"]
[EventCountry "CAN"]

1. d4 f5 2. Nf3 Nf6 3. c4 g6 4. Nc3 Bg7 5. Bf4 O-O 6. h3 d6 7. e3 c6 8. Be2
Nbd7 9. O-O Qe8 10. d5 Nb8 11. Rb1 Na6 12. b4 Nh5 13. Qc2 Nxf4 14. exf4 e5 15.
fxe5 dxe5 16. c5 cxd5 17. Nxd5 Be6 18. Rfd1 Rd8 19. Bxa6 Bxd5 20. Rxd5 e4 21.
Rxd8 Qxd8 22. Bc4+ Kh8 23. Nd2 Qg5 24. Nf1 Rd8 25. Rd1 Bd4 26. Bb3 Qh4 27. Ne3
Qf4 28. Nd5 Qe5 29. Qd2 Ba1 30. Qg5 Rd7 31. Qg3 Qxg3 32. fxg3 Bb2 33. Ba4 Rd8
34. b5 Ba3 35. c6 Bc5+ 36. Kf1 e3 37. Ke2 a6 38. c7 Rc8 39. bxa6 bxa6 40. Bd7
Rxc7 41. Nxc7 a5 42. Ne6 Bb6 43. Bb5 h6 44. Rd7 a4 45. Bc4 Kg8 46. Ng5+ Kf8 47.
Nh7+ Ke8 48. Nf6+ Kf8 49. Rf7# 1-0

[Event "CYCC U16U18 w"]
[Site "Quebec CAN"]
[Date "2018.07.05"]
[Round "7.10"]
[White "Li, Yi Lin"]
[Black "Eirew, Pepi"]
[Result "1-0"]
[WhiteElo "1957"]
[BlackElo "1086"]
[PlyCount "95"]
[EventDate "2018.07.02"]
[EventType "swiss"]
[EventRounds "7"]
[EventCountry "CAN"]

1. e4 e6 2. d4 d5 3. exd5 exd5 4. Bd3 Be6 5. Bf4 c5 6. c3 cxd4 7. cxd4 Bb4+ 8.
Nc3 Qe7 9. Nge2 Nc6 10. O-O Nf6 11. Nb5 O-O 12. a3 Ba5 13. Bd6 Qd7 14. Bxf8
Rxf8 15. Nbc3 Bc7 16. Na4 Bh3 17. Ng3 Bg4 18. Nc5 Qc8 19. Qd2 Bxg3 20. hxg3 g6
21. Nb3 Bh3 22. gxh3 Qxh3 23. Qg5 Ng4 24. Qh4 Qxh4 25. gxh4 f5 26. Bb5 Rc8 27.
Rac1 a6 28. Bxc6 Rxc6 29. Rxc6 bxc6 30. Rc1 Kg7 31. Rxc6 Kh6 32. Rxa6 Kh5 33.
Ra7 h6 34. Rg7 Nf6 35. a4 Ne8 36. Rg8 Nd6 37. a5 Nb5 38. a6 f4 39. Rh8 Na7 40.
Rh7 Nc6 41. Rc7 Kxh4 42. Rxc6 Kg5 43. a7 h5 44. a8=Q h4 45. Qf8 f3 46. Qf6+ Kg4
47. Qxg6+ Kf4 48. Rf6# 1-0